| 000 | 03527nam2a22003611 4500 | ||
|---|---|---|---|
| 001 | rc\4074747 | ||
| 005 | 20250611081626.0 | ||
| 021 |
_aRU _bРг4200-58 |
||
| 035 | _a(NLR Aleph) 008122055 | ||
| 090 |
_a9370015 _c9370015 |
||
| 100 | _a20130415d1958 |||y0rusy50 ca | ||
| 101 | 0 | _arus | |
| 102 | _aRU | ||
| 105 | _ay z ||||| | ||
| 200 | 1 | _a[Существует ли сейчас капиталистическое окружение нашей страны | |
| 210 |
_cМоск. рабочий _d1958 _aБ. м. |
||
| 215 | _a64 с. | ||
| 423 | 0 |
_11010#$arus _12001#$aКто организует мятежи в Индонезии _1700#1$aМаштаченко$bК. _tКто организует мятежи в Индонезии _aМаштаченко, К. |
|
| 423 | 0 |
_11010#$arus _12001#$aКак коммунисты осуществляют власть в индийском штате Керала _1700#1$aМанасов$bМ. _tКак коммунисты осуществляют власть в индийском штате Керала _aМанасов, М. |
|
| 423 | 0 |
_11010#$arus _12001#$aКакие цели преследуют организаторы Среднеземноморского пакта _1700#1$aЕрмолаев$bА. _tКакие цели преследуют организаторы Среднеземноморского пакта _aЕрмолаев, А. |
|
| 423 | 0 |
_11010#$arus _12001#$aВсе ли целесообразно и совершенно в природе] _1700#1$aСтрельцов$bА. _tВсе ли целесообразно и совершенно в природе] _aСтрельцов, А. |
|
| 423 | 0 |
_11010#$arus _12001#$aЧто такое радиоактивные изотопы _1700#1$aХайдаров$bА. _tЧто такое радиоактивные изотопы _aХайдаров, А. |
|
| 423 | 0 |
_11010#$arus _12001#$aКогда СССР догонит США по производству стали и электроэнергии _1700#1$aСулимов$bК. _tКогда СССР догонит США по производству стали и электроэнергии _aСулимов, К. |
|
| 423 | 0 |
_11010#$arus _12001#$aСохранится ли личная собственность при коммунизме _1700#1$aСупонинцкий$bС. _tСохранится ли личная собственность при коммунизме _aСупонинцкий, С. |
|
| 423 | 0 |
_11010#$arus _12001#$aЭкономическое сотрудничество Советского Союза со слаборазвитыми странами _1700#1$aКондратьев$bВ. _tЭкономическое сотрудничество Советского Союза со слаборазвитыми странами _aКондратьев, В. |
|
| 423 | 0 |
_11010#$arus _12001#$aНаступает ли кризис в экономике США _1700#1$aКлимов$bК. _tНаступает ли кризис в экономике США _aКлимов, К. |
|
| 461 | 0 |
_1001rc\4074657 _12001#$aОтветы на вопросы трудящихся$eСборник$eВып. 1-$vВып. 91 _99369473 _c[Москва] _d1950 _nизд-во и тип. изд-ва "Моск. рабочий" _oСборник : Вып. 1- _tОтветы на вопросы трудящихся _vВып. 91 |
|
| 700 | 1 |
_aУтехин _bС. |
|
| 801 | 0 |
_aRU _bNLR _gpsbo |
|
| 801 | 1 |
_aRU _bELAR _2rusmarc |
|
| 852 |
_aNLR _jИп10 Г-4/805 |
||
| 942 | _cBOOK | ||
| 980 | _aNB | ||